00459nam a2200145Ia 450000100060000000800410000604000130004708200160006011000380007624501020011426000660021630000100028254600070029265000140029922518140409s9999 xx 000 0 und d cPK-LaUMT a 346bMIN-N aMinistry of Law, Govt of Pakistan aNational accountability bureau ordinance, 1999 (XVIII of 1999)cMinistry of Law, Govt of Pakistan aIslamabad,Pakistan:bMinistry of Law, Govt of Pakistan,c2001 a33 p. aEN aCivil law